[Event "Druzynowe Mistrzostw Polski Juniorow - II Liga"]
[Site "Wroclaw"]
[Date "1899-12-30"]
[Round "2.11"]
[White "Pietryk, Joanna"]
[Black "Obrochta, Lena"]
[Result "0-1"]
[WhiteTitle "I"]
[BlackTitle "I++"]
[WhiteElo "1417"]
[BlackElo "1690"]

1. e4 c5 2. Nf3 e6 3. d4 cxd4 4. Nxd4 a6 5. c4 Nf6 6. Nc3 Qc7 7. Be2 Bb4 8. Qd3
Nc6 9. Nxc6 bxc6 10. O-O O-O 11. Be3 Bxc3 12. bxc3 d5 13. Bf3 Rd8 14. cxd5 exd5
15. exd5 Nxd5 16. Qc4 a5 17. Rfd1 Be6 18. Qc5 Rac8 19. Bxd5 Bxd5 20. Qb6 Qe7 21.
a4 Rb8 22. Qxa5 Qe4 23. Rxd5 Rxd5 0-1

[Event "Druzynowe Mistrzostw Polski Juniorow - II Liga"]
[Site "Wroclaw"]
[Date "1899-12-30"]
[Round "2.12"]
[White "Salamon, Julia"]
[Black "Mataczyna, Aleksandra"]
[Result "1-0"]
[WhiteTitle "I++"]
[BlackTitle "II+"]
[WhiteElo "1465"]
[BlackElo "1117"]

1. d4 d5 2. c4 e6 3. Nc3 Nf6 4. Bg5 Nbd7 5. cxd5 exd5 6. e3 c6 7. Bd3 Be7 8. Nf3
O-O 9. O-O Re8 10. Qc2 Nf8 11. Rfe1 Ne4 12. Bxe7 Qxe7 13. Nd2 Nxd2 14. Qxd2 Ng6
15. e4 dxe4 16. Nxe4 Be6 17. Nc5 Qf6 18. Bxg6 Qxg6 19. Re3 b6 20. Rg3 Qf6 21.
Ne4 Qh4 22. Ng5 Rad8 23. Nf3 Qf6 24. Qc3 Bd5 25. Ne5 c5 26. Ng4 Qe6 27. dxc5 Rc8
28. Nf6+ Kf8 29. Nxe8 Kxe8 30. Re3 1-0

[Event "Druzynowe Mistrzostw Polski Juniorow - II Liga"]
[Site "Wroclaw"]
[Date "1899-12-30"]
[Round "2.13"]
[White "Kaczmarek, Jan"]
[Black "Kolodziejski, Piotr"]
[Result "1-0"]
[WhiteTitle "II+"]
[BlackTitle "k"]
[WhiteElo "1596"]
[BlackElo "2107"]

1. e4 c6 2. d4 d5 3. e5 Bf5 4. Nd2 e6 5. Nb3 Nd7 6. Nf3 Rc8 7. Bd3 Bxd3 8. Qxd3
Qc7 9. c3 c5 10. Qe2 a6 11. O-O Ne7 12. Ng5 h6 13. Qh5 g6 14. Qh3 Bg7 15. Nf3
a5 16. Bd2 a4 17. Nc1 Qb6 18. Ne2 Nc6 19. b4 cxb4 20. cxb4 Qa6 21. Nf4 Kd8 22.
Rfc1 Rc7 23. Rab1 Na7 24. Qh4+ Kc8 25. Qe7 Rf8 26. Rxc7+ Kxc7 27. b5 Nxb5 28.
Rc1+ Kb8 29. Qxd7 1-0

[Event "Druzynowe Mistrzostw Polski Juniorow - II Liga"]
[Site "Wroclaw"]
[Date "1899-12-30"]
[Round "2.14"]
[White "Kejna, Piotr"]
[Black "Gluszynski, Michal"]
[Result "1-0"]
[WhiteTitle "CM"]
[BlackTitle "II"]
[WhiteElo "1970"]
[BlackElo "1513"]

1. e4 e5 2. Bc4 Nc6 3. Nf3 Bc5 4. c3 Nf6 5. d4 exd4 6. cxd4 Bb4+ 7. Bd2 Bxd2+ 8.
Nbxd2 d5 9. exd5 Nxd5 10. O-O O-O 11. Rc1 Nb6 12. Bb3 Nxd4 13. Nxd4 Qxd4 14. Rxc7
Qd6 15. Qc1 Nd5 16. Rc2 Bf5 17. Nc4 Qg6 18. Ne5 Qf6 19. Bxd5 Bxc2 20. Nd7 Qe7
21. Nxf8 Rd8 22. Qxc2 1-0

[Event "Druzynowe Mistrzostw Polski Juniorow - II Liga"]
[Site "Wroclaw"]
[Date "1899-12-30"]
[Round "2.15"]
[White "Skrzypinski, Jan"]
[Black "Komendecki, Antoni"]
[Result "0-1"]
[WhiteTitle "I"]
[BlackTitle "I++"]
[WhiteElo "1647"]
[BlackElo "1880"]

1. e4 c5 2. c3 d5 3. exd5 Qxd5 4. d4 g6 5. Be3 cxd4 6. Qxd4 Qxd4 7. Bxd4 Nf6 8.
Na3 a6 9. Nc4 Nc6 10. Bb6 Bg7 11. Nf3 O-O 12. Rd1 Bg4 13. Be2 Rac8 14. Nfd2 Bxe2
15. Kxe2 Nd7 16. Nb3 Nce5 17. Nxe5 Nxe5 18. Na5 Bf6 19. f3 Nc6 20. Rd7 Nxa5 21.
Bxa5 b6 22. Bb4 a5 23. Ba3 b5 24. Rhd1 Rb8 25. Bc5 b4 26. cxb4 axb4 27. a3 b3
28. Bd4 e5 29. Bc3 Rfc8 30. Kf2 Bg7 31. g3 h5 32. R1d2 f6 33. Bb4 Bh6 34. Re2
Rc2 35. Rd3 Rbc8 36. Rxb3 Rxe2+ 37. Kxe2 Rc2+ 38. Kf1 Rxh2 39. a4 Rh1+ 40. Kg2
Ra1 41. Ba3 Re1 42. Kf2 Rd1 43. Bb4 Ra1 44. Ra3 Rb1 45. Bc3 Bf8 46. Rb3 Ra1 47.
a5 Bc5+ 48. Ke2 g5 49. Rb8+ Kg7 50. b4 Ra2+ 51. Bd2 Bd4 52. Rc8 h4 53. gxh4 gxh4
54. Rc1 h3 55. f4 h2 56. f5 Bc3 0-1

[Event "Druzynowe Mistrzostw Polski Juniorow - II Liga"]
[Site "Wroclaw"]
[Date "1899-12-30"]
[Round "2.16"]
[White "Karaszewski, Gabriel"]
[Black "Stachowiak, Bruno"]
[Result "1/2-1/2"]
[WhiteTitle "II"]
[BlackTitle "II"]
[WhiteElo "1560"]
[BlackElo "1462"]

1. d4 d6 2. c4 e5 3. dxe5 dxe5 4. Qxd8+ Kxd8 5. Nc3 Be6 6. e4 Bb4 7. Bd2 c6 8.
O-O-O Kc7 9. Nd5+ cxd5 10. Bxb4 d4 11. Bf8 Nd7 12. Bxg7 Ngf6 13. f3 Rhg8 14. Bh6
Ne8 15. b3 a5 16. Kb2 Kc6 17. Ne2 Nd6 18. Ng3 a4 19. Be2 b5 20. cxb5+ Nxb5 21.
Bd2 axb3 22. axb3 Nc5 23. Rc1 Kb6 24. Bc4 Bxc4 25. Rxc4 Ra3 26. Bb4 Rxb3+ 27.
Kc2 d3+ 28. Kd2 Na6 29. Be7 Re8 30. Nf5 Rb2+ 31. Kxd3 Rxe7 32. Nxe7 Nc5+ 33. Ke3
Nd4 34. Re1 Nc2+ 35. Rxc2 Rxc2 36. Nd5+ Kb7 37. Re2 Rc1 38. Rb2+ Kc8 39. Rb6 Ne6
40. Ra6 Rc2 41. Ra8+ Kb7 42. Rh8 Rxg2 43. Rxh7 Kc6 44. Rxf7 Rxh2 45. Re7 Kd6 46.
Rf7 Nc5 47. Rf6+ Ne6 48. Nc7 Kxc7 49. Rxe6 Rh5 50. Ra6 Kb7 51. Rd6 Kc7 52. Ra6
Kb7 53. Rf6 Rh7 54. Kd3 Kc7 55. Kc4 Rd7 56. Kc5 Rd3 57. Rf7+ Kd8 58. Kc4 Rd4+
59. Kc5 Rd3 60. Kc6 Ke8 61. Rf6 Ke7 62. Rf5 Ke6 63. Kc7 Rd7+ 64. Kc6 Rd3 65. Kc5
Rc3+ 66. Kb4 Rd3 67. Kc4 Ra3 68. Kc5 1/2-1/2

[Event "Druzynowe Mistrzostw Polski Juniorow - II Liga"]
[Site "Wroclaw"]
[Date "1899-12-30"]
[Round "2.17"]
[White "Niemier, Martyna"]
[Black "Szachniewicz, Weronika"]
[Result "1-0"]
[WhiteTitle "II+"]
[BlackTitle "I"]
[WhiteElo "1305"]
[BlackElo "1305"]

1. d4 d5 2. c4 e6 3. Nc3 Nf6 4. Bg5 Nbd7 5. Nf3 Be7 6. e3 h6 7. Bh4 c6 8. Bd3 dxc4
9. Bxc4 O-O 10. O-O Nb6 11. Bb3 Nfd5 12. Nxd5 Nxd5 13. Bg3 Bd6 14. Ne5 Nb6 15.
Qd3 Qc7 16. Bc2 f5 17. h3 Nd7 18. Ng6 Re8 19. e4 f4 20. e5 fxg3 21. fxg3 Nf6 22.
exd6 Qxd6 23. Ne5 c5 24. Rxf6 Qxd4+ 25. Qxd4 cxd4 26. Rf4 Rd8 27. Rd1 Rd5 28.
Ng6 Rd8 29. Rfxd4 Rxd4 30. Rxd4 Kf7 31. Rf4+ Ke8 32. Rf8+ Kd7 33. Ba4+ Kd6 34.
Rd8+ Kc7 35. Re8 a6 36. Bb3 Kd6 37. Rd8+ Kc7 38. Rd1 b5 39. Re1 Kd6 40. Nf4 e5
41. Nd3 e4 42. Nf2 Bb7 43. Nxe4+ Kc7 44. Nc5 1-0

[Event "Druzynowe Mistrzostw Polski Juniorow - II Liga"]
[Site "Wroclaw"]
[Date "1899-12-30"]
[Round "2.18"]
[White "Miklosz, Malgorzata"]
[Black "Pniewska, Beata"]
[Result "1-0"]
[WhiteTitle "I"]
[BlackTitle "I"]
[WhiteElo "1255"]
[BlackElo "1361"]

1. e4 e6 2. d4 d5 3. Bd3 c5 4. exd5 exd5 5. Nf3 Bg4 6. c3 Nf6 7. O-O c4 8. Re1+
Be7 9. Be2 Nc6 10. Nbd2 O-O 11. h3 Bh5 12. Nf1 Qc7 13. Ng3 Bg6 14. Bg5 Bd6 15.
Bxf6 Bxg3 16. fxg3 gxf6 17. Kh2 Rae8 18. Qd2 Ne7 19. Nh4 Qd7 20. Rf1 Kg7 21. Rf2
Be4 22. Qf4 Qe6 1-0

[Event "Druzynowe Mistrzostw Polski Juniorow - II Liga"]
[Site "Wroclaw"]
[Date "1899-12-30"]
[Round "2.19"]
[White "Wnek, Filip"]
[Black "Paprocki, Antoni"]
[Result "1-0"]
[WhiteTitle "I++"]
[BlackTitle "I++"]
[WhiteElo "2032"]
[BlackElo "1981"]

1. e4 c5 2. Nf3 a6 3. c4 e6 4. d4 cxd4 5. Nxd4 Nf6 6. Nc3 Bb4 7. Qd3 Qc7 8. Be2
O-O 9. O-O Bxc3 10. bxc3 d6 11. Rd1 Nbd7 12. Nb3 Ne5 13. Qd4 Nc6 14. Qe3 Ne5 15.
Ba3 Rd8 16. Qd4 d5 17. cxd5 exd5 18. exd5 Rxd5 19. Qf4 Be6 20. c4 Rd7 21. Nc5
Rd6 22. Rd3 Rxd3 23. Rc1 Rd1+ 24. Rxd1 Qa5 25. Qxe5 Qxa3 26. Nxe6 fxe6 27. Qxe6+
Kh8 28. Bf3 Qxa2 29. Bxb7 Qb3 30. Bf3 Re8 31. Qd6 Qxc4 32. h3 h6 33. Ra1 Re6 34.
Qd2 Qb5 35. Rc1 a5 36. Qa2 Re5 37. Rc8+ Re8 38. Bc6 Qf5 39. Rxe8+ Nxe8 40. Bxe8
Qe4 41. Ba4 Qe1+ 42. Kh2 Qe5+ 43. g3 h5 44. h4 Qf5 45. Qd2 Qf3 46. Qd8+ Kh7 47.
Bc2+ g6 48. Qe7+ Kh6 49. Qg5+ 1-0

[Event "Druzynowe Mistrzostw Polski Juniorow - II Liga"]
[Site "Wroclaw"]
[Date "1899-12-30"]
[Round "2.20"]
[White "Herka, Jakub"]
[Black "Rainer, Piotr"]
[Result "1/2-1/2"]
[WhiteTitle "I"]
[BlackTitle "I"]
[WhiteElo "1433"]
[BlackElo "1709"]

1. d4 d5 2. c4 c6 3. Nf3 Nf6 4. e3 e6 5. b3 Bd6 6. Bb2 Nbd7 7. Nbd2 O-O 8. Bd3
Qe7 9. Qc2 Re8 10. O-O h6 11. e4 dxe4 12. Nxe4 Nxe4 13. Bxe4 c5 14. Rfe1 cxd4
15. Nxd4 Nf6 16. Bf3 e5 17. Nf5 Bxf5 18. Qxf5 g6 19. Qc2 Rac8 20. a4 b6 21. Rad1
Kh7 22. Bd5 Nxd5 23. Rxd5 Rcd8 24. Red1 Bc7 25. Qe2 f6 26. g3 Rxd5 27. Rxd5 Rd8
28. Qd2 Kg7 29. Ba3 Rxd5 30. Qxd5 Qxa3 31. Qd7+ Kf8 32. Qc8+ Kf7 33. Qxc7+ Qe7
34. Qc6 Qc5 35. Qd7+ Qe7 36. Qc6 f5 37. Qd5+ Kg7 38. a5 h5 39. axb6 axb6 40. h4
f4 41. Kg2 fxg3 42. fxg3 Qc5 43. Qd7+ Kf6 44. Kf3 Qb4 45. Qd8+ Kf7 46. Qd7+ Kf6
47. Qd8+ Kf7 48. Qd7+ Kf6 49. Qd8+ Kf7 1/2-1/2

[Event "Druzynowe Mistrzostw Polski Juniorow - II Liga"]
[Site "Wroclaw"]
[Date "1899-12-30"]
[Round "2.21"]
[White "Micula, Jakub"]
[Black "Khimichenko, Dmytro"]
[Result "1-0"]
[WhiteTitle "I"]
[BlackTitle "II+"]
[WhiteElo "1623"]
[BlackElo "1412"]

1. e4 e6 2. d4 d5 3. Nd2 c5 4. Ngf3 cxd4 5. Nxd4 Nf6 6. e5 Nfd7 7. N2f3 Nc6 8.
Bf4 Qb6 9. Nb3 Be7 10. c3 f6 11. exf6 Bxf6 12. Be2 O-O 13. O-O Nde5 14. Qd2 Nxf3+
15. Bxf3 Be5 16. Bxe5 Nxe5 17. Be2 Nc6 18. Rad1 Qc7 19. c4 Ne7 20. cxd5 Nxd5 21.
Bf3 Nf4 22. Qd6 Qf7 23. Kh1 Nh3 24. Qe5 Nf4 25. Nc5 Ng6 26. Qd6 Nh4 27. Be4 Nf5
28. Qe5 Kh8 29. Rfe1 Nh6 30. f3 Ng8 31. Bxb7 Bxb7 32. Rd7 Qf6 33. Rxb7 Qxe5 34.
Rxe5 Rad8 35. h3 Rd1+ 36. Kh2 Rc8 37. Nxe6 Rc2 38. Ng5 h6 39. Ne4 Rd8 40. Rc5
Re2 41. Rcc7 Nf6 42. Nxf6 gxf6 43. Rh7+ Kg8 44. Rbg7+ Kf8 45. Rxa7 1-0

[Event "Druzynowe Mistrzostw Polski Juniorow - II Liga"]
[Site "Wroclaw"]
[Date "1899-12-30"]
[Round "2.22"]
[White "Pekala, Dawid"]
[Black "Kozak, Karol"]
[Result "1-0"]
[WhiteTitle "II"]
[BlackTitle "I"]
[WhiteElo "1458"]
[BlackElo "1490"]

1. e4 c5 2. Nf3 d6 3. d4 cxd4 4. Nxd4 Nf6 5. Nc3 a6 6. Bg5 Nbd7 7. Bc4 Qb6 8. Bb3
h6 9. Bxf6 Nxf6 10. Qd2 e6 11. O-O-O Be7 12. f4 Bd7 13. Kb1 a5 14. a4 Rc8 15.
Rhe1 Bc6 16. Qe2 h5 17. Nd5 Qd8 18. Nxf6+ Bxf6 19. e5 Bh4 20. g3 Be7 21. exd6
Qxd6 22. Nxe6 Qb4 23. Rd4 1-0

[Event "Druzynowe Mistrzostw Polski Juniorow - II Liga"]
[Site "Wroclaw"]
[Date "1899-12-30"]
[Round "2.23"]
[White "Gaczol, Julia"]
[Black "Pudelko, Magdalena"]
[Result "0-1"]
[WhiteTitle "I+"]
[BlackTitle "I++"]
[WhiteElo "1490"]
[BlackElo "1461"]

1. e4 c5 2. Nf3 d6 3. d4 cxd4 4. Nxd4 Nf6 5. Nc3 a6 6. Qf3 Qc7 7. h3 b5 8. Be3
Bb7 9. a3 Nbd7 10. g4 Ne5 11. Qg2 e6 12. g5 Nfd7 13. f4 Nc4 14. Bc1 Be7 15. Qf3
Qb6 16. Nde2 f5 17. gxf6 Nxf6 18. b3 Na5 19. Be3 Qc7 20. Bg2 g6 21. Bd2 Bf8 22.
Nd4 Kd7 23. h4 Bg7 24. Qh3 Rhe8 25. Nde2 Nxe4 26. Rd1 Nxc3 27. Bxb7 Nxd1 28. Bxa8
Rxa8 29. Kxd1 Rc8 30. Qd3 Nb7 31. Re1 Qc6 32. h5 Nc5 33. Qe3 Ne4 34. Nd4 Bxd4
35. Qxe4 Qxe4 36. Rxe4 Bc3 37. hxg6 hxg6 38. Re3 Bxd2 39. Kxd2 Rf8 40. Rg3 Rf6
41. Ke3 e5 42. fxe5 dxe5 43. Rg4 Ke6 44. c4 Kf5 45. Re4 Rc6 46. Kd3 bxc4+ 47.
Rxc4 Rxc4 48. bxc4 Ke6 49. Ke4 Kd6 50. c5+ Kxc5 51. Kxe5 Kb5 52. Kf6 Ka4 53. Kxg6
Kxa3 0-1

[Event "Druzynowe Mistrzostw Polski Juniorow - II Liga"]
[Site "Wroclaw"]
[Date "1899-12-30"]
[Round "2.24"]
[White "Walerjan, Ada"]
[Black "Drozd, Gabriela"]
[Result "1-0"]
[WhiteTitle "I"]
[BlackTitle "I"]
[WhiteElo "1275"]
[BlackElo "1185"]

1. e4 c5 2. Nf3 d6 3. d4 cxd4 4. Nxd4 Nf6 5. Nc3 a6 6. Be3 e6 7. Be2 b5 8. a4 b4
9. Na2 d5 10. exd5 Nxd5 11. Bd2 Qb6 12. Nf3 Bc5 13. O-O Nc6 14. b3 Bb7 15. Nc1
Nd4 16. Nxd4 Bxd4 17. Rb1 Qc6 18. Bf3 Rc8 19. Bxb4 Bc3 20. Bxc3 Qxc3 21. Bxd5
Bxd5 22. Ne2 Qxc2 23. Qxc2 Rxc2 24. Rbc1 Rxc1 25. Rxc1 O-O 26. Rc3 h6 27. Kf1
Rb8 28. Nc1 Kh7 29. g3 Rb4 30. Ke2 Kg6 31. Re3 Re4 32. Rxe4 Bxe4 33. Ke3 Bd5 34.
b4 Kg5 35. a5 h5 36. Nd3 g6 37. Kd4 Bc6 38. Nc5 Bb5 39. Nxa6 Bxa6 40. Kc5 Bb7
41. b5 Kf6 42. a6 Bd5 43. b6 Ke7 44. b7 Bxb7 45. axb7 Kd7 46. b8=Q 1-0

[Event "Druzynowe Mistrzostw Polski Juniorow - II Liga"]
[Site "Wroclaw"]
[Date "1899-12-30"]
[Round "2.25"]
[White "Borowik, Wojciech"]
[Black "Haliniak, Wojciech"]
[Result "1-0"]
[WhiteTitle "I++"]
[BlackTitle "I"]
[WhiteElo "1746"]
[BlackElo "1827"]

1. d4 f5 2. c4 Nf6 3. g3 g6 4. Bg2 Bg7 5. Nh3 O-O 6. Nc3 Nc6 7. Nf4 e5 8. dxe5
Nxe5 9. c5 c6 10. Be3 Kh8 11. Bd4 Qe7 12. h4 Nf7 13. Qd2 b6 14. cxb6 axb6 15.
O-O-O b5 16. h5 g5 17. Ng6+ hxg6 18. hxg6+ Bh6 19. gxf7 Kg7 20. e4 b4 21. Rxh6
Kxh6 22. Rh1+ Nh5 23. Bf3 d5 24. Rxh5+ Kg6 25. exf5+ Bxf5 26. g4 Rxf7 27. gxf5+
Rxf5 28. Rh3 bxc3 29. Bh5+ Kh7 30. Bf7# 1-0

[Event "Druzynowe Mistrzostw Polski Juniorow - II Liga"]
[Site "Wroclaw"]
[Date "1899-12-30"]
[Round "2.26"]
[White "Smetek, Michal"]
[Black "Borowik, Karol"]
[Result "0-1"]
[WhiteTitle "I+"]
[BlackTitle "II"]
[WhiteElo "1735"]
[BlackElo "1412"]

1. d4 Nf6 2. c4 g6 3. Nc3 Bg7 4. e4 O-O 5. Nf3 d6 6. Be2 e5 7. O-O Nc6 8. d5 Ne7
9. Ne1 Ne8 10. Nd3 f5 11. f3 f4 12. g4 g5 13. Bd2 Ng6 14. Be1 Nf6 15. Kg2 Nh4+
16. Bxh4 gxh4 17. h3 Rf7 18. b4 Bf8 19. Qe1 Bd7 20. Kh1 h5 21. c5 hxg4 22. hxg4
Rg7 23. Rg1 Qe7 24. cxd6 cxd6 25. Rc1 Qd8 26. Qf2 Qe7 27. Nb2 Qe8 28. b5 Qd8 29.
Nc4 Nh7 30. a4 Ng5 31. Kh2 Qf6 32. Na2 Be7 33. Rb1 Rh7 34. a5 Nf7 35. Rgc1 h3
36. a6 b6 37. Nxb6 axb6 38. Qxb6 Qg6 39. Qb7 Rd8 40. a7 Bh4 41. a8=Q Bg3+ 42.
Kh1 Rxa8 43. Qxa8+ Kg7 44. Rc7 Bxg4 45. Rb4 Bxf3+ 46. Bxf3 Bf2 47. Rb1 h2 48.
Rxf7+ Kxf7 49. Qb7+ Kf6 50. Qxh7 Qg1+ 0-1

[Event "Druzynowe Mistrzostw Polski Juniorow - II Liga"]
[Site "Wroclaw"]
[Date "1899-12-30"]
[Round "2.27"]
[White "Bartnik, Michal"]
[Black "Leszczewicz, Karol"]
[Result "1/2-1/2"]
[WhiteTitle "II+"]
[BlackTitle "I+"]
[WhiteElo "1591"]
[BlackElo "1519"]

1. e4 c5 2. Nf3 a6 3. c4 Nc6 4. d4 cxd4 5. Nxd4 e5 6. Nxc6 dxc6 7. Qxd8+ Kxd8 8.
a3 a5 9. Be3 Kc7 10. Nc3 Nf6 11. f3 a4 12. Be2 Nd7 13. Bd1 Bc5 14. Kf2 Bxe3+ 15.
Kxe3 Nc5 16. Be2 Be6 17. Rad1 Rhd8 18. Rxd8 Rxd8 19. Rd1 Rxd1 20. Nxd1 f6 21.
Nc3 Kd6 22. g3 g5 23. Bd3 Bf7 24. Be2 Be6 25. Bd3 Bf7 26. Be2 Be6 27. Bd3 Bf7
28. Be2 Be6 29. Bf1 Bf7 30. Be2 Be6 31. Bf1 Bf7 1/2-1/2

[Event "Druzynowe Mistrzostw Polski Juniorow - II Liga"]
[Site "Wroclaw"]
[Date "1899-12-30"]
[Round "2.28"]
[White "Krogulski, Maksymilian"]
[Black "Wawrukiewicz, Szymon"]
[Result "1-0"]
[WhiteTitle "I"]
[BlackTitle "II"]
[WhiteElo "1584"]
[BlackElo "1307"]

1. e4 d5 2. exd5 Qxd5 3. Nc3 Qd6 4. d4 Nf6 5. Nf3 c6 6. Bc4 Bg4 7. O-O Bxf3 8.
gxf3 e6 9. Ne4 Nxe4 10. fxe4 e5 11. Qh5 exd4 12. Qxf7+ Kd8 13. Bg5+ Be7 14. Qxg7
Re8 15. Bf7 Qd7 16. Kh1 Bxg5 17. Qxg5+ Qe7 18. f4 Qxg5 19. fxg5 Rxe4 20. Bc4 Nd7
21. Bd3 Re7 22. Rae1 Rg7 23. h4 Kc7 24. Re4 c5 25. Ref4 Re8 26. Rf7 Re7 27. Rxg7
Rxg7 28. Kh2 Ne5 29. Be2 Nd7 30. Bh5 Kd6 31. Rf7 Rxf7 32. Bxf7 Ke5 33. Kg3 Kf5
34. Bc4 Ne5 35. Bg8 Kg6 36. Bd5 b5 37. Kf4 Nc4 38. Be4+ Kg7 39. b3 Nd6 40. Bf3
Kg6 41. Ke5 Nf5 42. Be4 1-0

[Event "Druzynowe Mistrzostw Polski Juniorow - II Liga"]
[Site "Wroclaw"]
[Date "1899-12-30"]
[Round "2.29"]
[White "Gladyszewska, Kinga"]
[Black "Zybrant, Sandra"]
[Result "1/2-1/2"]
[WhiteTitle "I"]
[BlackTitle "I"]
[WhiteElo "1225"]
[BlackElo "1354"]

1. d4 Nf6 2. c4 e6 3. Nf3 Bb4+ 4. Bd2 Bxd2+ 5. Qxd2 d5 6. e3 O-O 7. Nc3 b6 8. Be2
Bb7 9. cxd5 Nxd5 10. O-O Nd7 11. a3 N7f6 12. Rac1 a5 13. Ne5 Nxc3 14. Qxc3 Nd5
15. Qc2 Rc8 16. Nc6 Qd6 17. Bb5 Ne7 18. Rfd1 Nxc6 19. Bxc6 Bxc6 20. Qxc6 Rfd8
21. Rd2 Qxc6 22. Rxc6 Rd6 23. Rdc2 Rxc6 24. Rxc6 Kf8 25. Kf1 Ke7 26. Ke2 Kd7 27.
Rc3 Kd6 28. Kd3 f6 29. Rb3 Kc6 30. Rc3+ Kd6 31. Kc4 c6 32. Kd3 c5 33. b4 axb4
34. axb4 Rc7 35. dxc5+ bxc5 36. b5 Ra7 37. Rb3 Ra4 38. Kc3 Kc7 39. b6+ Kb7 40.
Rb5 Ra6 41. Rxc5 Rxb6 42. Kc2 Rc6 43. Rc3 Rxc3+ 44. Kxc3 Kc6 45. Kc4 g5 1/2-1/2

[Event "Druzynowe Mistrzostw Polski Juniorow - II Liga"]
[Site "Wroclaw"]
[Date "1899-12-30"]
[Round "2.30"]
[White "Malicka, Magdalena"]
[Black "Borowik, Monika"]
[Result "0-1"]
[WhiteTitle "I"]
[BlackTitle "I"]
[WhiteElo "1271"]
[BlackElo "1380"]

1. e4 c5 2. Nf3 g6 3. d4 cxd4 4. Nxd4 Nc6 5. c4 Nf6 6. Nc3 d6 7. Be2 Nxd4 8. Qxd4
Bg7 9. Be3 O-O 10. Qd2 Be6 11. O-O a6 12. f4 Rc8 13. b3 Re8 14. Rac1 Qa5 15. h3
Nh5 16. Kh2 Bh8 17. Bd4 Nf6 18. Bd3 Ng4+ 19. hxg4 Bxd4 20. f5 Qe5+ 21. g3 Bd7
22. Ne2 Bc6 23. Nxd4 Qxd4 24. Qe2 Rf8 25. Rh1 e6 26. Rcf1 Rce8 27. f6 g5 28. Rf2
Qe5 29. Qe3 Kh8 30. Kg2 Rg8 31. Rh6 Rg6 32. Rh5 Reg8 33. Kh3 b5 34. cxb5 axb5
35. Qa7 Rf8 36. Qe7 Kg8 37. Rxh7 Kxh7 38. Qxf8 Rh6+ 39. Kg2 Bxe4+ 40. Kf1 Bxd3+
41. Kg1 Qe1+ 0-1

[Event "Druzynowe Mistrzostw Polski Juniorow - II Liga"]
[Site "Wroclaw"]
[Date "1899-12-30"]
[Round "2.31"]
[White "Zabron, Maksym"]
[Black "Dahche, Abdel-azziz"]
[Result "1-0"]
[WhiteTitle "I++"]
[BlackTitle "I"]
[WhiteElo "1947"]
[BlackElo "1569"]

1. d4 Nf6 2. c4 c5 3. d5 b5 4. cxb5 a6 5. b6 d6 6. Nc3 g6 7. a4 Qxb6 8. a5 Qc7
9. e4 Bg7 10. Bc4 O-O 11. Nge2 Nbd7 12. f4 Rd8 13. O-O Nf8 14. Qd3 h5 15. Bd2
h4 16. h3 g5 17. fxg5 N6d7 18. Nf4 Ne5 19. Qe2 Nxc4 20. Qxc4 Nd7 21. Nd3 Rb8 22.
Na4 Bd4+ 23. Kh1 Nf8 24. Nb6 Ng6 25. Rac1 Qb7 26. b4 Bd7 27. bxc5 dxc5 28. Nxc5
Bxc5 29. Qxc5 Bb5 30. Rf5 e6 31. Rf6 exd5 32. exd5 Re8 33. Qd4 Qe7 34. Bc3 Kh7
35. Qg4 Be2 36. Qxh4+ Nxh4 37. Rh6+ Kg8 38. Rh8# 1-0

[Event "Druzynowe Mistrzostw Polski Juniorow - II Liga"]
[Site "Wroclaw"]
[Date "1899-12-30"]
[Round "2.32"]
[White "Kebel, Bartosz"]
[Black "Pisarek, Jan"]
[Result "0-1"]
[WhiteTitle "II+"]
[BlackTitle "I"]
[WhiteElo "1607"]
[BlackElo "1832"]

1. d4 b6 2. c4 Bb7 3. Nc3 e6 4. e3 f5 5. Nf3 Bb4 6. Be2 Nf6 7. O-O O-O 8. Na4 Be7
9. a3 Ne4 10. b4 d6 11. Bb2 Nd7 12. Rc1 c5 13. Qb3 Qc7 14. Rfd1 Rad8 15. Nc3 Ndf6
16. dxc5 bxc5 17. Nd2 Ba8 18. Ndxe4 Nxe4 19. Qa4 Nxc3 20. Bxc3 Bf6 21. b5 Bxc3
22. Rxc3 Rf6 23. Qa6 Bb7 24. Qa4 Rg6 25. Bf1 Ba8 26. Qa6 e5 27. g3 d5 28. Qa4
d4 29. exd4 exd4 30. Rcd3 Qb7 31. f3 f4 32. Kf2 Rh6 33. Kg1 fxg3 34. hxg3 Qc7
35. Kf2 Rg6 36. f4 Be4 37. R3d2 Rh6 38. Re2 Qb7 39. Qb3 Rh2+ 40. Ke1 Rh1 41. Rf2
Re8 42. Kd2 Qf7 43. Re1 Bb7 44. Rxe8+ Qxe8 45. Re2 Qg6 46. Bg2 Bxg2 47. Rxg2 Rb1
48. Qc2 Qxc2+ 49. Kxc2 Ra1 50. Kd3 Kf7 51. Ke4 Ke6 52. f5+ Kd6 53. g4 Rxa3 54.
g5 Re3+ 55. Kf4 Rc3 56. Rh2 Rxc4 57. Rxh7 d3+ 58. Ke3 Rd4 59. Kd2 c4 60. f6 gxf6
61. g6 Rg4 62. Rxa7 Kc5 63. g7 Kb4 64. b6 Rg2+ 65. Ke1 c3 66. b7 d2+ 67. Kf1 d1=Q+
68. Kxg2 Qe2+ 69. Kg3 Qe3+ 70. Kh2 Qh6+ 71. Kg3 Qxg7+ 72. Kf3 Qc7 73. Ke2 c2 0-1

[Event "Druzynowe Mistrzostw Polski Juniorow - II Liga"]
[Site "Wroclaw"]
[Date "1899-12-30"]
[Round "2.33"]
[White "Duda, Leon"]
[Black "Dobrowolski, Kamil"]
[Result "1-0"]
[WhiteTitle "I"]
[BlackTitle "II"]
[WhiteElo "1562"]
[BlackElo "1458"]

1. e4 c5 2. Nf3 Nc6 3. Bb5 g6 4. Nc3 Bg7 5. d3 Nf6 6. e5 Ng4 7. Bxc6 bxc6 8. Qe2
O-O 9. h3 Nh6 10. Ne4 Nf5 11. c3 d6 12. Bf4 Re8 13. O-O Ba6 14. Rad1 Qb6 15. g4
d5 16. e6 Nd6 1-0

[Event "Druzynowe Mistrzostw Polski Juniorow - II Liga"]
[Site "Wroclaw"]
[Date "1899-12-30"]
[Round "2.34"]
[White "Krawczyk, Eryk"]
[Black "Hryniewicz, Maciej"]
[Result "1-0"]
[WhiteTitle "II"]
[BlackTitle "II"]
[WhiteElo "1239"]
[BlackElo "1217"]

1. Nf3 d5 2. c4 e6 3. d4 Nf6 4. Nc3 Be7 5. Bf4 O-O 6. e3 b6 7. cxd5 exd5 8. Bd3
Bb7 9. Rc1 c6 10. O-O Nbd7 11. Bb1 Rc8 12. Ne5 Re8 13. Qf3 c5 14. Qh3 Nf8 15.
Bf5 Ra8 16. Bg5 Bc8 17. Nc6 Bxf5 18. Qxf5 Qd7 19. Nxe7+ Rxe7 20. Qxd7 N8xd7 21.
dxc5 bxc5 22. Rfd1 Re5 23. f4 Rxe3 24. Nxd5 Nxd5 25. Rxd5 Nb6 26. Rdxc5 Re2 27.
R1c2 Re4 28. Rd2 f6 29. Bh4 Rxf4 30. Bg3 Rc4 31. Rxc4 Nxc4 32. Rc2 Ne3 33. Rc7
a6 34. Kf2 Nd1+ 35. Ke2 Nxb2 36. Rc2 Re8+ 37. Kd2 Rd8+ 38. Kc3 Nd1+ 39. Kb4 Ne3
40. Re2 Nd5+ 41. Ka5 Ra8 42. Rf2 Nc3 43. Rf5 Rd8 44. a4 Rd4 45. Rf4 Rd2 46. Be1
Rd3 47. Bxc3 Rxc3 48. Kxa6 Rc2 49. Rg4 Ra2 50. a5 Kf7 51. Kb5 Rb2+ 52. Rb4 Rxg2
53. a6 Ra2 54. Ra4 Rb2+ 55. Ka5 Re2 56. a7 Re8 57. Kb6 Ra8 58. Kb7 Re8 59. Rc4
Kg6 60. a8=Q Rxa8 61. Kxa8 f5 62. Kb7 Kg5 63. h4+ Kh5 64. Kc6 g5 65. hxg5 Kxg5
66. Kd5 f4 67. Ke4 Kg4 68. Rc3 h5 69. Rf3 h4 70. Rxf4+ Kg3 71. Ke3 h3 72. Rf8
Kg2 73. Rg8+ Kh1 74. Kf3 Kh2 75. Rh8 1-0

[Event "Druzynowe Mistrzostw Polski Juniorow - II Liga"]
[Site "Wroclaw"]
[Date "1899-12-30"]
[Round "2.35"]
[White "Pisarek, Elzbieta"]
[Black "Luniewska, Daria"]
[Result "1-0"]
[WhiteTitle "I++"]
[BlackTitle "I"]
[WhiteElo "1804"]
[BlackElo "1419"]

1. e4 c5 2. Nf3 Nc6 3. Bb5 d6 4. Nc3 g6 5. d3 Bg7 6. e5 d5 7. O-O e6 8. Bxc6+ bxc6
9. Re1 Ne7 10. Na4 Qa5 11. c4 O-O 12. Bd2 Qc7 13. Nxc5 h6 14. Qc2 Qb6 15. Na4
Qd8 16. Bb4 Re8 17. Rad1 Rb8 18. Bd6 Ra8 19. Nd4 Bd7 20. Nc5 Nf5 21. Nxf5 exf5
22. f4 Be6 23. Kh1 Bf8 24. Bxf8 Kxf8 25. Nb7 Qb6 26. Nd6 Reb8 27. b3 a5 28. c5
Qd8 29. Qc3 Qh4 30. g3 Qd8 31. d4 Kg7 32. Rb1 h5 33. Kg2 Qe7 34. h4 Qc7 35. a3
Qd8 36. Re2 Qc7 37. Reb2 Bd7 38. b4 a4 39. Qd3 Qa7 40. b5 cxb5 41. Nxb5 Bxb5 42.
Rxb5 Qa6 43. Qf1 Rc8 44. Qe1 Re8 45. Qb4 f6 46. Rb7+ Kg8 47. Qb5 Qxb5 48. R1xb5
fxe5 49. fxe5 Re6 50. Rb8+ Rxb8 51. Rxb8+ Kf7 52. Rb7+ Ke8 53. Kf2 Ra6 54. Ke3
Kd8 55. Kf4 Kc8 56. Rb6 Ra7 57. Rxg6 Rb7 58. Rg8+ 1-0

[Event "Druzynowe Mistrzostw Polski Juniorow - II Liga"]
[Site "Wroclaw"]
[Date "1899-12-30"]
[Round "2.36"]
[White "Klintsevich, Aliaksandra"]
[Black "Gajda, Anna"]
[Result "1-0"]
[WhiteTitle "I"]
[BlackTitle "II"]
[WhiteElo "1428"]
[BlackElo "1073"]

1. d4 b6 2. c4 Bb7 3. Nc3 e6 4. e4 Bb4 5. Bd3 f5 6. d5 Bxc3+ 7. bxc3 fxe4 8. Bxe4
Nf6 9. Bf3 exd5 10. cxd5 Qe7+ 11. Ne2 d6 12. O-O O-O 13. Nf4 Qe5 14. Be3 Nbd7
15. c4 Nc5 16. Re1 Qf5 17. Bxc5 Qxf4 18. Bd4 Rae8 19. Qd3 Ng4 20. Bxg4 Qxg4 21.
Re3 Rxe3 22. Qxe3 c6 23. h3 Qg6 24. Qb3 cxd5 25. cxd5 Qe4 26. Rd1 Bxd5 27. Qg3
g6 28. a3 Rc8 29. Ba1 Rc4 30. Qg5 Rc8 31. Rxd5 Qe1+ 32. Kh2 Qxa1 33. Rxd6 Qg7
34. Qd5+ Kf8 35. Qf3+ Kg8 36. Qe4 Qc7 37. Qd5+ Kh8 38. f4 g5 39. Qe5+ Kg8 40.
Qxg5+ Kh8 41. Qd5 Rf8 42. Qd4+ Qg7 43. Qd2 Rg8 44. Rd7 Qg3+ 45. Kh1 a6 46. Qd4+
Qg7 47. Rxg7 1-0